| 000 | 00744 a2200181 4500 | ||
|---|---|---|---|
| 003 | Nust | ||
| 005 | 20221020112657.0 | ||
| 020 | _a72177437 | ||
| 040 | _cNust | ||
| 082 | _a620.11,MEI | ||
| 100 |
_aMeidl, James H. _9100959 |
||
| 245 |
_aHazardous materials handbook / _cJames H. Meidl. |
||
| 260 |
_aBeverly Hills, Calif. _b Glencoe Press ] _c [1972} |
||
| 300 |
_axviii, 349 p. illus. (part col.) 18 cm. _b(part col.) 18 cm. |
||
| 505 | _aFirefighting Procedures (Page-1), Explosive Hazards (Page-33), Water and Air Reactivity (Page-37), Hazardous Mixtures (Page-39), Toxicity Hazards (Page-47), Tabulation of Hazardous Materials and Selected Characteristics (Page-71) | ||
| 650 |
_aHazardous materials handbook _9100960 |
||
| 942 |
_2ddc _cBK |
||
| 999 |
_c182810 _d182810 |
||